LDR 01100naa#a2200169#i#450# 001 RU\\bibl\118117 005 20260428053810.2 011 ## _a3033-8239 100 ## _a20260401b2026####ek#y0rusy0150####ca 102 ## _aRU 200 1# _aМЕХАНИЗМ ПРЕСТУПНОГО ПОВЕДЕНИЯ В УГОЛОВНО-ПРОТИВОПРАВНЫХ ДЕЯНИЯХ С ИСПОЛЬЗОВАНИЕМ ГЕНЕРАТИВНЫХ ТЕХНОЛОГИЙ _eЖурнальная статья 210 1# _aАрмавир _cАвтономная некоммерческая организация научно-исследовательский институт «Цифровая философия – Цифровой интеллект» _d2026 215 ## _a0 с. 608 ## _aЖурнальная статья _2local 675 ## _aКриминология. Криминалистика. 343.9 _aУголовное право. Уголовное судопроизводство. Криминология. Криминалистика. 343 _z 700 #1 _aНикитенко _gИлья Викторович 856 4# _aintellectualsovereignty.ru _u